000 00920nam a22001937a 4500
999 _c372001
_d372001
008 201127b ||||| |||| 00| 0 eng d
040 _aDE-2950
_bger
_cDE-2950
_erda
041 _ager
245 _a"Entweder sind wir schneller oder wir sind dran!"
_bRechtsextremismus in Brandenburg. Oberbürgermeister René Wilke erlebte einst Gewalt in Frankfurt (Oder) hautnah mit Konfrontationen mit Neonazis gehörten zu seinem Alltag. Im Gespräch erzählt er, wie es in der Stadt gelang, die sogenannten Baseballschlägerjahre zu beenden/
_cManuel Wozniak
264 _c2022
653 _aFrankfurt (Oder)
653 _aRechtsextremismus
653 _aRené Wilke
773 _dFrankfurt (Oder) Märkisches Verlags- und Druckhaus GmbH & Co KG
_tMärkische Oderzeitung
_g33. Jahrgang (2022) Nr. 281 vom 02.12.2022, S. 21: mit Foto
942 _cA